000 00354nam a2200133Ia 4500
008 240624s9999 xx 000 0 und d
041 _aeng
082 _a005.74 MOH
100 _aMOHANTY SOUMENDRA
245 _aDATA WAREHOUSING DESIGN DEVELOPMENT AND
260 _c2006
_aNew Delhi
_bTata McGrawhill
300 _axix, : 373 : p. : cm. ; 24
365 _cRS
999 _c3207
_d3207